| 000 | 00311nam a22000977a 4500 | ||
|---|---|---|---|
| 008 | 150623b xxu||||| |||| 00| 0 eng d | ||
| 010 | _8HCCRSARF:008 | ||
| 245 | _aHIGH COURT CRIMINAL SESSION NO.496 OF 1979 Uganda Vs Dominiko Lanek | ||
| 260 | _aHigh Court Kampala | ||
| 500 | _3BEFORE: Hon. Chief Justice D.J. Sheridan | ||
| 999 |
_c6594 _d6594 |
||